000 00654nam a2200241Ia 4500
003 OSt
005 20220918174956.0
006 a|||||r|||| 00| 0
007 ta
008 220917b |||||||| |||| 00| 0 eng d
024 _a14,956
037 _cTextual
040 _aARTS
_cARTS
_beng
041 _2eng
_aeng
082 _aO:1H40x, F6.1
100 _aChaucer Geoffrey
_911050
245 0 _aRomaunt of the rose and minor poems
260 _c1926
490 _aCompete Works of Chaucer< ed . by Walter W.Skeat,1
650 _aENGLISH LITERATURE
942 _hO:1H40x, F6.1
_cTEXL
_2CC
999 _c155416
_d155416